000 00313nam a2200121Ia 4500
005 20251222143211.0
008 251222s9999||||xx |||||||||||||| ||spa||
082 _a708.44/M26
100 _aVial, Marie-Paule
245 0 _aGuide du Musíe des Beaux-Arts de Marseille
264 _bVille de Marseille
942 _cLIB
999 _c13464
_d13464